| 000 | 00365nam a22001217a 4500 | ||
|---|---|---|---|
| 999 |
_c3834 _d3834 |
||
| 005 | 20210311143916.0 | ||
| 008 | 210311b ||||| |||| 00| 0 eng d | ||
| 020 | _a9780273767794 | ||
| 040 | _cCML | ||
| 245 |
_aBusiness Accounting 2 _cWood Frank, Sangster Alan |
||
| 260 |
_aUnited Kingdom _bPearson _c2012 |
||
| 942 |
_2ddc _cBK _e12th Edition _h657 _mWOO |
||